000 00622nam a2200205 a 4500
001 000033310
003 OSt
005 20240412074257.0
008 110823s1921 dr 000 0 spa d
040 _aDO-SdBNP
_bspa
_cBNPHU
082 4 _aRD861.44
_bC183b
_222
100 1 _aCaminiero Sánchez, Mario
_958910
_d1891-1975
245 1 0 _aBajo los árboles /
_cMario Caminero Sánchez.
260 _aSanto Domingo :
_bLa Provincia,
_c1921.
300 _a60 p. ;
_c21 cm.
650 4 _aPoesía dominicana
_977105
650 0 _aLiteratura dominicana.
_967
910 _aValidado. Control de calidad MFF
942 _2ddc
_cLBS1
999 _c32801
_d32801